000 00418nam a2200169Ia 4500
008 170705s9999 xx 000 0 und d
020 _a9780590438803
245 _aHesop's fables /
245 _cAnn McGovern ; illustrated by A. J. McClaskey.
260 _aNew York :
260 _bScholastic,
260 _c1963
300 _a78 pages :
300 _bcolor illustration ;
300 _c19cm.
500 _a780
999 _c336337
_d336337